| 000 | 00967nam a2200337 i 4500 | ||
|---|---|---|---|
| 001 | 31450 | ||
| 003 | KOSZ 005 | ||
| 005 | 20211227140854.0 | ||
| 008 | 971010s1996 pl f f |000 0 pol d | ||
| 020 | _a8385701250 | ||
| 040 |
_cKOSZ 005 _aKOSZ 005 _dKOSZ 005/HR |
||
| 041 | 0 | _apol | |
| 046 | _k1996 | ||
| 080 | _a004.92 | ||
| 080 | _a744 | ||
| 080 | _a(07) | ||
| 100 | 1 |
_aPikoń, Andrzej _eAutor |
|
| 245 | 1 | 0 |
_aAutoCAD 12 dla Windows / _cAndrzej Pikoń. |
| 260 |
_aGliwice : _b"Helion", _ccop. 1996. |
||
| 300 |
_a898 s. : _brys., wykr. ; _c24 cm + _edyskietka. |
||
| 380 | _aKsiążki | ||
| 388 | _a1901-2000 | ||
| 388 | _a1989-2000 | ||
| 504 | _aIndeks. | ||
| 650 | 4 | _aAutoCAD | |
| 655 | 4 | _aPodręcznik | |
| 658 | _aInformatyka i technologie informacyjne | ||
| 710 | 2 |
_aHelion _4pbl. |
|
| 856 |
_uhttp://koha.tu.koszalin.pl/cgi-bin/koha/opac-detail.pl?biblionumber=31450 _yKatalog online BPK |
||
| 942 |
_cKS _2UKD |
||
| 999 |
_c31450 _d31450 |
||